Isozyme studies on different cytotypes of Hevea brasiliensis (Record no. 50512)

MARC details
000 -LEADER
fixed length control field 00597nam a2200229Ia 4500
100 ## - MAIN ENTRY--AUTHOR NAME
Personal name Sreelatha S.
245 #0 - TITLE STATEMENT
Title Isozyme studies on different cytotypes of Hevea brasiliensis
260 ## - PUBLICATION, DISTRIBUTION, ETC. (IMPRINT)
Name of publisher Indian Journal of Natural Rubber Research
Year of publication 1993
300 ## - PHYSICAL DESCRIPTION
Number of Pages 24-27
650 ## - SUBJECT ADDED ENTRY--TOPICAL TERM
Topical Term Diploid
650 ## - SUBJECT ADDED ENTRY--TOPICAL TERM
Topical Term Isozyme
650 ## - SUBJECT ADDED ENTRY--TOPICAL TERM
Topical Term Tetraploid
650 ## - SUBJECT ADDED ENTRY--TOPICAL TERM
Topical Term Triploid
700 ## - ADDED ENTRY--PERSONAL NAME
Personal name Nair N.U.
700 ## - ADDED ENTRY--PERSONAL NAME
Personal name Saraswathyamma C.K.
700 ## - ADDED ENTRY--PERSONAL NAME
Personal name Sethuraj M.R.
700 ## - ADDED ENTRY--PERSONAL NAME
Personal name Simon S.P.
700 ## - ADDED ENTRY--PERSONAL NAME
Personal name Thomas M.
700 ## - ADDED ENTRY--PERSONAL NAME
Personal name Vijayakumar K.R.
942 ## - ADDED ENTRY ELEMENTS (KOHA)
Koha item type Bibliography STAF
Holdings
Withdrawn status Lost status Damaged status Not for loan Home library Current library Shelving location Date acquired Serial Enumeration / chronology Koha item type
      Bibliography RRII Library RRII Library Physiology 09/04/2014 Volume 6, Issue 1&2 Bibliography STAF